000 02055cam a22005774i 4500
003 PE-LiUPU
005 20250731170444.0
008 150706s2008 pe r 000 0 spa d
035 _a(Sirsi) a47002
040 _aPE-LiUPU
_bspa
_cPE-LiUPU
_dPE-LiUPU
_erda
049 _aPRUA
082 0 4 _a158.1
_bN94
_221
100 1 _aNúñez, Miguel Ángel,
_eautor.
245 1 0 _aSólo los valientes triunfan :
_buna vida de aspiración y lucha /
_cMiguel Ángel Núñez.
264 1 _aLima :
_bFortaleza Ediciones,
_c2008.
300 _a117 páginas ;
_c21 centímetros
336 _atext
_2rdacontent
337 _aunmediated
_2rdamedia
338 _avolume
_2rdacarrier
505 0 _aEl valor de la meta -- Una y otra vez -- La valentía de intentarlo -- Luchar por lo justo -- El que quiere puede -- Valores que perduran -- El verdadero éxito -- Los sueños no tienen color ni sexo -- La fuerza de la convicción -- El plan de Dios para ti.
526 _aSEG68
526 _aSEG70
526 _aSEG69
526 _aSEG67
526 _aSEG43
526 _aP144
526 _aP143
526 _aP131
526 _aP122
526 _aP120
526 _aP117
526 _aP112
526 _aP110
526 _aP106
526 _aP101
526 _aP80
526 _aP59
526 _aP54
526 _aP35
526 _aP33
526 _aP30
650 0 4 _aExito (Autoeducación)
_vObras de divulgación.
650 0 4 _aAutorealización personal.
910 _blch
_clch
_d20090512
942 _2ddc
_cBOOK
949 _a158.1 N94
_wDEWEY
_c1
_i59540
_lCCODEBUL1
_mBUL
_p10.00
_r0
_sY
_tLIBRO
_u2015-07-06
_xBIBLIOTECA
_zUNKNOWN
_o.STAFF. Colección Ciencias de la Salud
994 _aC0
_bPEPRU
596 _a1
999 _a158.1 N94
_wDEWEY
_c49099
_i59540
_d49099
_e2019-10-10
_f2021-11-3
_g5
_lCCODEBUL1
_mBUL
_n13
_p10.00
_q1
_r0
_sY
_tBOOK
_u2015-7-6
_xSALUD
_zP30
_0COMPRA
_o.STAFF. Colección Ciencias de la Salud
980 _81
_gALBERTO SANCHEZ Responsable de Automatización